| 000 | 00682pab a2200229 454500 | ||
|---|---|---|---|
| 008 | 180718b2009 xxu||||| |||| 00| 0 eng d | ||
| 100 | _aZaki, Saeed | ||
| 245 | _aDoes basic services privatisation benefit the urban poor? Some evidence from water supply privatisation in Thailand | ||
| 260 | _c2009 | ||
| 300 | _ap.2301-327. | ||
| 362 | _aOct | ||
| 650 | _aBasic urban services - Thailand | ||
| 650 | _aPrivatization - Thailand | ||
| 650 | _aWater supply - Thailand | ||
| 650 | _aPoverty - Thailand | ||
| 650 | _aPublic utilities - Thailand | ||
| 650 | _aPublic utilities | ||
| 700 | _aamin, A.T.M. Nurul | ||
| 773 | _aUrban Studies | ||
| 908 | _aN | ||
| 909 | _a86316 | ||
| 999 |
_c86316 _d86316 |
||